Statistics for Name the Mathematical Series

Click here to take the quiz!

General Stats

  • This quiz has been taken 23 times
  • The average score is 6 of 15

Answer Stats

First 4 TermsSeries Name/Description% Correct
1, 1, 2, 3Fibonacci
82%
1, 8, 27, 64Cubes
77%
2, 3, 5, 7Primes
77%
3, 1, 4, 1Pi
64%
2, 4, 8, 16Powers of 2
55%
P, E, M, DOperations
50%
2, 7, 1, 8E
41%
O, T, T, FFirst letters of numbers
36%
1, 4, 1, 4Square root of 2
27%
1, 2, 6, 24Factorials
23%
4, 6, 8, 9Composites
14%
2, 1, 3, 4Lucas
9%
3, 3, 5, 4Length of numbers
5%
6, 2, 8, 3Tau
5%
2, 8, 26, 80One less than powers of 3
0%

Score Distribution

Percentile by Number Answered

Percent of People with Each Score

Your Score History

You have not taken this quiz